| 000 | 00925nam a2200205Ia 4500 | ||
|---|---|---|---|
| 008 | 151119s9999||||xx |||||||||||||| ||und|| | ||
| 082 | _a927लोकशा/लोकशा | ||
| 082 | _bGKKV31971 | ||
| 100 | _a"डांगळे, अर्जुन" | ||
| 245 | _aलोकशाहीर अण्णा भाऊ साठे निवडक वाड्मय | ||
| 260 | _aमुंबई | ||
| 260 | _bमहाराष्ट्र राज्य साहित्य संस्कृती मंडळ | ||
| 260 | _c1998 | ||
| 300 | _a1182p. | ||
| 600 | _a"डांगळे, अर्जुन" | ||
| 630 | _aलोकशाहीर अण्णा भाऊ साठे निवडक वाड्मय | ||
| 700 | _a"डांगळे, अर्जुन" | ||
| 730 | _aलोकशाहीर अण्णा भाऊ साठे निवडक वाड्मय | ||
| 942 | _cBOOK | ||
| 999 |
_c1084283 _d1084280 |
||